Macroeconomics / (Record no. 1586)
[ view plain ]
| 000 -LEADER | |
|---|---|
| fixed length control field | 00737pam a2200193 a 4500 |
| 020 ## - INTERNATIONAL STANDARD BOOK NUMBER | |
| ISBN | 025617217X (alk. paper) |
| 020 ## - INTERNATIONAL STANDARD BOOK NUMBER | |
| ISBN | 0256172668 (student's ed. : alk. paper) |
| 020 ## - INTERNATIONAL STANDARD BOOK NUMBER | |
| ISBN | 0071152261 (International ed. : alk. paper) |
| 050 00 - CALL NUMBER | |
| Classification number | HB172.5 |
| Item number | .C638 |
| 100 1# - AUTHOR | |
| Personal name | Colander, David C. |
| 245 10 - TITLE | |
| Title | Macroeconomics / |
| Statement of responsibility, etc | David C. Colander. |
| 250 ## - EDITION | |
| Edition statement | 3rd ed. |
| 260 ## - PUBLICATION INFORMATION | |
| Place of publication | Boston, Mass. : |
| Name of publisher | Irwin/McGraw-Hill, |
| Year of publication | c1998. |
| 300 ## - DESCRIPTION | |
| Number of Pages | 1 v. (various pagings) : |
| Other physical details | ill. (some col.), col. maps ; |
| Dimensions | 28 cm. |
| 500 ## - NOTES | |
| General note | Includes index. |
| 505 ## - FORMATTED CONTENTS NOTE | |
| Table of Content | Part i. Thanking like an economist<br/>Part ii. Macroeconomics<br/>Part iii. Traditional Macro Policy Debates<br/>Part iv. Structural Macro Policy Debate |
| 650 #0 - SUBJECTS | |
| Topical Term | Macroeconomics. |
| 942 ## - ADDED ENTRY ELEMENTS (KOHA) | |
| Koha item type | Books |
| Withdrawn status | Lost status | Home library | Current library | Shelving location | Date acquired | Full call number | Accession Number | Copy number | Koha item type |
|---|---|---|---|---|---|---|---|---|---|
| Methodist University Library Main | Methodist University Library Main | General Stacks | HB172.5 .C638 | 35341 | 1 | Books | |||
| Methodist University Library Main | Methodist University Library Main | General Stacks | HB172.5 .C638 | 35340 | 2 | Books | |||
| Methodist University Library Main | Methodist University Library Main | General Stacks | HB172.5 .C638 | 11150 | 3 | Books |